Statistics for Spain EUROs Starting XIs

Click here to take the quiz!

General Stats

  • This quiz has been taken 191 times
  • The average score is 52 of 121

Answer Stats

HintAnswer% Correct
2012GKIker Casillas
99%
2008GKIker Casillas
99%
2004GKIker Casillas
99%
2008CMXavi
99%
2012CMXavi
99%
2008STFernando Torres
98%
2020CBPau Torres
98%
2016CMAndres Iniesta
97%
2012LWAndres Iniesta
97%
2008LMAndres Iniesta
97%
2020RWFerran Torres
97%
2008CBCarles Puyol
96%
2004RBCarles Puyol
96%
2020LBJordi Alba
96%
2012LBJordi Alba
96%
2016LBJordi Alba
96%
2016GKDavid de Gea
95%
2012CBGerard Piqué
95%
2016CBGerard Piqué
95%
2008STDavid Villa
94%
2016CMSergio Busquets
94%
2020CMSergio Busquets
94%
2012CMSergio Busquets
94%
2012CBSergio Ramos
94%
2008RBSergio Ramos
94%
2016CBSergio Ramos
94%
2020STÁlvaro Morata
89%
2016STÁlvaro Morata
89%
2020CMPedri
88%
2012CMXabi Alonso
87%
2016RWDavid Silva
84%
2012RWDavid Silva
84%
2008RMDavid Silva
84%
2020GKUnai Simón
83%
2000STRaúl
82%
2004STRaúl
82%
2012STCesc Fabregas
81%
2016CMCesc Fabregas
81%
1996CMFernando Hierro
75%
2020CBAymeric Laporte
72%
2008LBJoan Capdevila
72%
2012RBÁlvaro Arbeloa
67%
2004STFernando Morientes
67%
2020RBCésar Azpilicueta
63%
1980CMJuan Manuel Asensi
62%
2000CMJosep Guardiola
60%
2020CMKoke
58%
2008DMMarcos Senna
52%
1988STEmilio Butragueno
50%
1988GKAndoni Zubizarreta
49%
1996GKAndoni Zubizarreta
49%
2016RBJuanfran
48%
2004CBIván Helguera
43%
2000CMIván Helguera
43%
2008CBCarlos Marchena
38%
2004CBCarlos Marchena
38%
2000RBMichel Salgado
38%
2000GKSantiago Canizares
37%
2020LWPablo Sarabía
30%
2016LWNolito
28%
2000RMGaizka Mendieta
25%
1964CMLuis Suárez
25%
2004CMRubén Baraja
25%
1996CBJuanma López
23%
1988RMMichel
22%
2000CBAbelardo
21%
1996CBAbelardo
21%
2004CMDavid Albelda
21%
1996CMGuillermo Amor
21%
1988CBManolo Sanchís
21%
2004RMJoseba Etxeberria
18%
1996CMJosé Luis Caminero
18%
1988STJosé Mari Bakero
18%
2000LMJuan Carlos Valerón
18%
1996CBRafael Alkorta
18%
2000STAlfonso
16%
1996STAlfonso
16%
2004LBRaúl Bravo
15%
2004LMVicente
14%
1984CBAndoni Goikoetxea
13%
1984STSantillana
13%
1980LMJuanito
11%
1980GKIvan Arconada
10%
1984GKIvan Arconada
10%
1964RWAmancio
9%
1984RBJosé Antonio Camacho
9%
1988LBJosé Antonio Camacho
9%
1980CMJesús Mari Zamora
8%
2000LBAgustín Aranzabal
6%
1980CBAlexanko
6%
1980STQuini
6%
1988LMRafael Gordillo
6%
1984LBRafael Gordillo
6%
1980LBRafael Gordillo
6%
1984CMVíctor Munoz
6%
1988CMVíctor Munoz
6%
1996RBAlberto Belsué
5%
1984LMJuan Senor
5%
1984STLobo Carrasco
5%
1980CBMigueli
5%
2000CBPaco Jémez
5%
1996LBSergi Barjuan
5%
1984RMJulio Alberto
4%
1964STMarcelino
4%
1980RBMiguel Tendillo
4%
1988CMRicardo Gallego
4%
1984CMRicardo Gallego
4%
1984CBAntonio Maceda
3%
1964CBIgnacio Zoco
3%
1980STJesús Satrustegui
3%
1964GKJosé Ángel Iribar
3%
1964LWCarlos Lapetra
1%
1964CMChus Pereda
1%
1988CBGenar Andrínua
1%
1996STKiko Narváez
1%
1988RBTomás Renones
1%
1980RMEnrique Saura
0%
1964RBFeliciano Rivilla
0%
1964CBFerran Olivella
0%
1964LBIsacio Calleja
0%
1964CMJosep Fusté
0%

Score Distribution

Percentile by Number Answered

Percent of People with Each Score

Your Score History

You have not taken this quiz